| 000 | 01696nam a22004097a 4500 | ||
|---|---|---|---|
| 003 | CHAP | ||
| 005 | 20220329143831.0 | ||
| 008 | 111107s2011 mx r 00010 spa d | ||
| 010 | _a102508 | ||
| 011 | _a103480 | ||
| 035 | _a114169 | ||
| 040 | _cCHAP | ||
| 090 | _aTesis | ||
| 100 | 1 |
_aFigueroa García, Ohel. _940815 |
|
| 245 | 1 | 0 |
_aRespuesta productiva en lechones recién destetados suplementados con extractos de plantas y aceites esenciales _h[En línea] _c/por Ohel Figueroa García y Leticia Hernández Alderete |
| 260 |
_aChapingo, Méx. : _bEl autor, _c2011 |
||
| 500 | _aPara ver el contenido del material haga clic en la liga | ||
| 502 | _aTesis (Ing. Agr. Esp. en Zootecnia) -- UACH. Departamento de Enseñanza, Investigación y Servicio en Zootecnia | ||
| 590 |
_aALEPH _b10 _c20130110 _lUCH01 _h1543 |
||
| 590 |
_aBATCH-UPD _b10 _c20130110 _lUCH01 _h1154 |
||
| 590 |
_aBATCH-UPD _b10 _c20130410 _lUCH01 _h0737 |
||
| 590 |
_aBATCH-UPD _b10 _c20130913 _lUCH01 _h1857 |
||
| 590 |
_aBATCH-UPD _b10 _c20140324 _lUCH01 _h1528 |
||
| 590 |
_aBATCH-UPD _b10 _c20141002 _lUCH01 _h0851 |
||
| 590 |
_aCONVERSION _b10 _c20130109 _lUCH01 _h1356 |
||
| 650 | 1 | 4 |
_aAceites esenciales. _9455 |
| 650 | 1 | 4 |
_aExtractos vegetales. _939214 |
| 650 | 1 | 4 |
_aGanado porcino _xProducción. _945399 |
| 650 | 1 | 4 |
_aLechones _xAlimentación. _965444 |
| 650 | 1 | 4 |
_aLechones _xDestete. _965445 |
| 700 | 1 |
_aHernández Alderete, Leticia. _953789 |
|
| 856 |
_3Finding aid _uhttp://10.13.5.2/tesis/114169.pdf _zTeclea aqui |
||
| 901 | _aBK | ||
| 942 | _cFOLL | ||
| 949 |
_aTesis _bBC _cTES _d33724002310215 _eTS1 _gDonaciØn _h52981 _i114169 _st |
||
| 949 |
_aTesis _bBC _cTES _d33724002310256 _eTS2 _fc.2 _gDonaciØn _h52982 _i114169 _st |
||
| 999 |
_c102508 _d102508 |
||